| 000 | 01810cam a22004574i 4500 | ||
|---|---|---|---|
| 003 | PE-LiUPU | ||
| 005 | 20250731172953.0 | ||
| 008 | 150623s1991 gs rb 000 0 eng d | ||
| 020 | _a086554395X | ||
| 035 | _a(Sirsi) i9780865543959 | ||
| 040 |
_aPE-LiUPU _bspa _cPE-LiUPU _erda |
||
| 049 | _aPRUA | ||
| 082 | 0 | 4 |
_a239 _bL37 _221 |
| 100 | 1 |
_aLee, G. Avery, _eautor. |
|
| 245 | 1 | 0 |
_aAffirmations of a skeptical believer / _cpor G. Avery Lee. |
| 264 | 1 |
_aMacon, Georgia : _bMercer University Press, _c1991. |
|
| 300 |
_a163 páginas ; _c23 centímetros |
||
| 336 |
_atext _2rdacontent |
||
| 337 |
_aunmediated _2rdamedia |
||
| 338 |
_avolume _2rdacarrier |
||
| 504 | _aBibliografía al pie de algunas páginas. | ||
| 505 | 0 | _aPreface -- An agnostic can be a Christian -- God is -- Who and what is man? -- Sin? What's that? -- A view of the Bible -- Looking at Jesus Christ -- The second most beautiful words -- The necessity of a sense of humor What about miracles? -- A Christian quest through faith, doubt, and the church -- This life, then death: is that all there is? -- A sermon "the impossible dream". | |
| 526 | _aSEG42 | ||
| 526 | _aSEG41 | ||
| 526 | _aSEG40 | ||
| 526 | _aSEG39 | ||
| 526 | _aP94 | ||
| 526 | _aP87 | ||
| 526 | _aP86 | ||
| 526 | _aP85 | ||
| 526 | _aP77 | ||
| 526 | _aP76 | ||
| 526 | _aP35 | ||
| 650 | 1 | 4 |
_aApologética. _92321 |
| 942 |
_2ddc _cBOOK |
||
| 949 |
_a239 L37 _wDEWEY _c1 _i45083 _lCCODEBUL1 _mBUL _r0 _sY _tBOOK _u2015-6-24 _xTEOLOGIA _PP35 _0COMPRA _o.STAFF. Colección General |
||
| 994 |
_aC0 _bPEPRU |
||
| 596 | _a1 | ||
| 999 |
_a239 L37 _wDEWEY _c21966 _i45083 _f2021-11-11 _g5 _lCCODEBUL1 _mBUL _p39.65 _r0 _sY _tBOOK _u2015-6-24 _xTEOLOGIA _PP35 _0COMPRA _o.STAFF. Colección Teología _d21966 |
||
| 980 |
_81 _gALBERTO SANCHEZ Responsable de Automatización |
||